| 000 | 00579nam a2200181Ia 4500 | ||
|---|---|---|---|
| 003 | SGT | ||
| 020 | _a9789380026152 | ||
| 082 |
_a621.3822 _bKAL |
||
| 100 | _aR.S.Kaler | ||
| 245 | 2 | _aA textbook of Digital Signal Processing | |
| 260 |
_bI.K. International Publishing House Pvt.Ltd. _aN.Delhi _c2009 |
||
| 300 | _a729p. | ||
| 650 | _aELECTRONICS ENGINEERING | ||
| 653 | _aINTRODUCTION TO DIGITAL SIGNAL PROCESSING,REVIEW OF SIGNALS AND SYSTEMS,FOURIER SERIES AND FOURIER TRANSFORM,TRANSFORMS,FILTER DESIGNS | ||
| 700 | _aM.Kulkarni | ||
| 700 | _aUmesh Gupta | ||
| 942 |
_2ddc _cBK |
||
| 999 |
_c4968 _d4968 |
||